000 00331nam a22001457a 4500
008 221012b ||||| |||| 00| 0 eng d
020 _a9780324159882
041 _aeng
080 _2THIRD EDITION
_a330.7
082 _a330.7
100 _a23.2
101 _aMENA
245 _aMANAGERIAL ACCOUNTING
_cINGRAM
942 _2udc
_cBK
999 _c58515
_d58515